| 000 | 01291nam a2200301 i 4500 | ||
|---|---|---|---|
| 001 | 197018 | ||
| 003 | ES-MaACL | ||
| 005 | 20250811063214.0 | ||
| 008 | 250311b2012 sp ||||| |||| 00| 0 spa d | ||
| 020 | _a9786074624199 | ||
| 040 |
_bspa _cES-MaACL |
||
| 245 | 1 | 0 |
_aSeñoríos, pueblos y municipios : _bBanco preliminar de información relativa a la genealogía de las unidades políticas y territoriales básicas de Mesoamérica, Nueva España y México / _cBernardo García Martínez y Gustavo Martínez Mendoza. |
| 260 |
_aMéxico, D. F. : _bEl Colegio de México, _c2012. |
||
| 300 |
_a101 páginas ; _c15 cm + _eCD |
||
| 336 |
_2rdacontent _atexto |
||
| 337 |
_2rdamedia _asin mediación |
||
| 338 |
_2rdacarrier _avolumen |
||
| 650 | 7 |
_9157375 _aIndios de México |
|
| 651 | 4 |
_99050 _aMéxico- _xGeografía |
|
| 651 | 7 |
_9157848 _aMéxico- _xPolítica y gobierno |
|
| 651 | 7 |
_9147368 _aEspaña- _xColonias- _xAdministración |
|
| 651 | 4 |
_98199 _aEspaña- _xGenealogía |
|
| 852 |
_aES-MaACL _cDEPOJ _xEncuadernación cartoné _9206503 _hDonación: Editorial _jN-10381 |
||
| 942 |
_cMONOGRAFIA _n0 |
||
| 999 |
_c197018 _d197018 |
||